| 000 | 00547nam a22001817a 4500 | ||
|---|---|---|---|
| 003 | PILC | ||
| 005 | 20150112093446.0 | ||
| 008 | 131010t xxu||||| |||| 00| 0 eng d | ||
| 020 | _a0030343364 | ||
| 050 |
_aHF 5415.3 _b.Sh554 2004 |
||
| 082 |
_aG 658.8342 _bS5 2004 |
||
| 100 |
_aSheth, Jagdish _927676 |
||
| 245 |
_aCustomer behavior : _ba managerial perspective / _cJagdish Sheth and Banwari Mittal |
||
| 250 | _a2nd ed. | ||
| 260 |
_aUnited States of America : _bThomson Learning . _c2004. |
||
| 300 |
_a487 pages : _c27 cm. |
||
| 942 |
_2lcc _cBK |
||
| 999 |
_c14932 _d14932 |
||